UBT Library

Ethical Issues in Business. A Philosophical Approach (Record no. 54180)

000 -LEADER
fixed length control field 00326nam a22001337a 4500
008 - FIXED-LENGTH DATA ELEMENTS--GENERAL INFORMATION
fixed length control field 190225b xxu||||| |||| 00| 0 eng d
020 ## - INTERNATIONAL STANDARD BOOK NUMBER
International Standard Book Number 013290148
041 ## - LANGUAGE CODE
Language code of text/sound track or separate title eng
080 ## - UNIVERSAL DECIMAL CLASSIFICATION NUMBER
Edition identifier 2nd
Universal Decimal Classification number 338
100 ## - Rafti
Rafti 52
101 ## - Shkurtesa
Shkurtesa MNG
245 ## - TITLE STATEMENT
Title Ethical Issues in Business. A Philosophical Approach
Statement of responsibility, etc Donaldson, Th
942 ## - ADDED ENTRY ELEMENTS (KOHA)
Source of classification or shelving scheme
Item type Books
Holdings
Withdrawn status Lost status Source of classification or shelving scheme Damaged status Not for loan Collection code Permanent location Current location Date acquired Total Checkouts Full call number Barcode Date last seen Price effective from Koha item type
          Koleksioni i përgjithshem UBT - Lipjan UBT - Lipjan 01/29/2024   101DON 002-800070509 01/29/2024 01/29/2024 Books
UBT Library © 2015-2024. All rights reserved University Education for Business and Technology